Sztuka Starożytnej Mezopotamii - Statystyki

Ogólne statystyki
  • Ten quiz został rozwiązany 36 razy
  • Średni wynik to 6 z 23
Statystyki odpowiedzi
Obrazkowy Hint Odpowiedź % Poprawnych
Babilończycy 2000-500r.p.n.e Brama Isztar
84%
Sumarowie 4000-3000r.p.n.e Pismo klinowe
58%
Sumarowie 4000-3000r.p.n.e Sztandar z Ur
58%
Asyryjczycy 700-600r.p.n.e Relief Ranna lwica | Ranna Lwica
37%
Babilończycy 2000-500r.p.n.e Stela z kodeksem Hammurabiego | Stela Hammurabiego
37%
Babilończycy 2000-500r.p.n.e Wiszące ogrody Semiramidy
37%
Sumarowie 4000-3000r.p.n.e Ziggurat z Ur
37%
Sumarowie 4000-3000r.p.n.e Pieczęć cylindryczna
26%
Akadyjczycy 3000-2000r.p.n.e Stela Naramsina
26%
Sumarowie 4000-3000r.p.n.e Gudea Władca Lagasz
21%
Asyryjczycy 700-600r.p.n.e Lamassu
21%
Babilończycy 2000-500r.p.n.e Babilon
16%
Akadyjczycy 3000-2000r.p.n.e Głowa akadyjskiego władcy
16%
Sumarowie 4000-3000r.p.n.e Stela Sępów
16%
Sumarowie 4000-3000r.p.n.e Złoty kozioł z Ur
16%
Sumarowie 4000-3000r.p.n.e Figura Ebihila | Alabastrowa Figura Ebihila
11%
Sumarowie 4000-3000r.p.n.e Harfa z Ur
11%
Persowie Iw-500r.n.e Kapitel kolumny perskiej
11%
Persowie Iw-500r.n.e Plan Persepolis
11%
Persowie Iw-500r.n.e Pałac Dariusza I w Persepolis
5%
Asyryjczycy 700-600r.p.n.e Pałac w Niniwie
5%
Asyryjczycy 700-600r.p.n.e Relief Aszurbanipal polujący na lwy | Aszurbanipal polujący na lwy
5%
Babilończycy 2000-500r.p.n.e Ziggurat etemenanki
5%
Nie znaleziono quizów pasujących do podanych kryteriów
Rozkład punktacji
Procent ludzi z każdym wynikiem
Percentyl według liczby udzielonych odpowiedzi
Twoja historia wyników
Nie rozwiązałeś tego quizu